000 00929nam0a22002771 4500
001 RU\NLR\A1SV\121199
005 20251203171251.9
035 _a(NLR Aleph) 010441873
090 _a9893805
_c9893805
100 _a20130913d1926 u y0rusy50 ca
101 0 _arus
102 _aRU
200 1 _aЗаводите пять полей, будет больше прибылей
_e(Книжка написана преимущественно для крестьян Курган. окр.)
_fАгр. И.Г.Туранов
210 _aКурган
_cКрас. Курган
_d1926
215 _a24 с.
_cтабл.
_d25 см
311 _aБеспл. прил. к газ. "Красный Курган"
620 _dКурган
700 1 _aТуранов
_bИ.Г.
801 0 _aRU
_bNLR
_c20130913
852 _aNLR
_j37/77
899 _aКОУНБ
899 _aРГБ
942 _cBOOK
980 _aNB
980 _aA1SV